| 000 | 00000nam##2200000za#4500 |
| 001 | 9.686102 |
| 003 | CaOODSP |
| 005 | 20210624230402 |
| 007 | cr ||||||||||| |
| 008 | 150407|1999||||xxc|||||o f|0| 0 eng|d |
| 020 | |a0-662-30456-X |
| 040 | |aCaOODSP|beng |
| 043 | |an-cn--- |
| 086 | 1 |aE2-356/1999E-IN |
| 110 | 1 |aCanada.|bForeign Affairs and International Trade. |bCanadian Centre for Foreign Policy Development. |
| 245 | 10|aReport from the Roundtable on Canada, NATO and the United Nations : |h[electronic resource]|bLessons Learned from the Kosovo Crisis (1 October 1999, Ottawa) |
| 260 | |aOttawa - Ontario : |bForeign Affairs and International Trade. |c[1999]. |
| 300 | |a7p. |
| 590 | |a10-07-Supp|b2010-09-08 |
| 690 | 07|aForeign policy|2gcpds |
| 690 | 07|aWar crimes|2gcpds |
| 775 | 08|tRapport de la table ronde sur le Canada, l'OTAN et les Nations Unies : |w(CaOODSP)9.630619 |
| 776 | 0#|tReport from the Round Table on Canada, NATO and the United Nations : |w(CaOODSP)9.662825 |
| 776 | 0#|tRapport de la Table Ronde sur le Canada, l'OTAN et les Nations Unies : |w(CaOODSP)9.662826 |
| 856 | 40|ahttp://publications.gc.ca|qPDF|s349 KB|uhttps://publications.gc.ca/collections/Collection/E2-356-1999E.pdf |
| 986 | |a1005.3E |